000 00659nam a2200193 i 4500
001 59056
003 ES-MaACL
005 20250824063033.0
007 t|
008 031027s1916 sp |||| |dspa d
100 1 _aEchegaray, Carmelo de,
_d1865-1925
_946523
245 1 0 _aElogio de Menéndez Pelayo
_b: discurso leído en el Ateneo de Santander el día 19 de mayo de 1916 /
_cCarmelo de Echegaray.
260 _aSantander :
_b[s.n.,
_c1916]
300 _a22 p. ;
_c21 cm.
600 1 7 _aMenéndez y Pelayo, Marcelino,
_d1856-1912
_2embne
_980332
710 2 _aAteneo de Santander.
_92024
852 _aES-MaACL
_j1559-F-10
999 _c59056
_d59056